<?xml version="1.0" encoding="UTF-8"?>
<record
    xmlns:xsi="http://www.w3.org/2001/XMLSchema-instance"
    xsi:schemaLocation="http://www.loc.gov/MARC21/slim http://www.loc.gov/standards/marcxml/schema/MARC21slim.xsd"
    xmlns="http://www.loc.gov/MARC21/slim">

  <leader>00372    a2200121   4500</leader>
  <controlfield tag="001">ART_14798</controlfield>
  <controlfield tag="005">20260410161614.0</controlfield>
  <controlfield tag="008">260409a                                 </controlfield>
  <datafield tag="245" ind1="1" ind2="0">
    <subfield code="a">Motivaci&#xF3;n de empleados:</subfield>
  </datafield>
  <datafield tag="100" ind1="1" ind2=" ">
    <subfield code="a">Groysberg, Boris</subfield>
  </datafield>
  <datafield tag="700" ind1="1" ind2=" ">
    <subfield code="a">Nohria, NItin</subfield>
  </datafield>
  <datafield tag="773" ind1="0" ind2=" ">
    <subfield code="t">Harvard Business Review</subfield>
    <subfield code="g">Afinar su ventaja competitiva - Vol. 86. N&#xBA; 7 (jul. 2008)</subfield>
    <subfield code="w">REV340</subfield>
  </datafield>
  <datafield tag="999" ind1=" " ind2=" ">
    <subfield code="c">10878</subfield>
    <subfield code="d">10878</subfield>
  </datafield>
</record>
